Biblioteca y Centro de Documentación

Reflexivity, integration and autonomy in regional development (Registro nro. 42006)

Detalles MARC
000 -CABECERA
Longitud fija campo de control 00934naa a2200265 c 4500
001 - NÚMERO DE CONTROL
Número de control 42006
003 - IDENTIFICADOR DE NÚMERO DE CONTROL
Identificador del número de control ES-MaCES
005 - FECHA Y HORA DE LA ÚLTIMA TRANSACCIÓN
Fecha y hora de la última transacción 20110810105600.0
008 - CAMPO FIJO DE DESCRIPCIÓN FIJA--INFORMACIÓN GENERAL
Códigos de información de longitud fija   110810n2011 xxk t 000 | eng d
035 ## - NÚMERO DE CONTROL DEL SISTEMA
Número de control del sistema CES20110008985v
040 ## - FUENTE DE CATALOGACIÓN
Centro catalogador de origen ES-MaCES
Lengua de catalogación spa
Centro transcriptor ES-MaCES
100 1# - ENCABEZAMIENTO PRINCIPAL--NOMBRE PERSONAL
Nombre de persona Açikalin, Oya
9 (RLIN) 5571
245 10 - MENCIÓN DE TÍTULO
Título Reflexivity, integration and autonomy in regional development
Resto del título : Turkey-EU partnership
Mención de responsabilidad, etc. Oya Açikalin
500 ## - NOTA GENERAL
Nota general Resumen
650 #4 - ASIENTO SECUNDARIO DE MATERIA--TÉRMINO DE MATERIA
Término de materia o nombre geográfico como elemento inicial espacio social europeo
9 (RLIN) 30775
650 #4 - ASIENTO SECUNDARIO DE MATERIA--TÉRMINO DE MATERIA
Término de materia o nombre geográfico como elemento inicial adhesión de miembros
9 (RLIN) 30972
650 #4 - ASIENTO SECUNDARIO DE MATERIA--TÉRMINO DE MATERIA
Término de materia o nombre geográfico como elemento inicial relación comunitaria
9 (RLIN) 28597
650 #4 - ASIENTO SECUNDARIO DE MATERIA--TÉRMINO DE MATERIA
Término de materia o nombre geográfico como elemento inicial ayuda bilateral
9 (RLIN) 26637
650 #4 - ASIENTO SECUNDARIO DE MATERIA--TÉRMINO DE MATERIA
Término de materia o nombre geográfico como elemento inicial gobierno regional
9 (RLIN) 29907
653 10 - TÉRMINO DE INDEXACIÓN--NO CONTROLADO
Término no controlado Ciencias Sociales-Políticas
773 0# - ENTRADA DE DOCUMENTO FUENTE
Título Environment and planning
Parte(s) relacionada(s) vol. 29, no. 1 (Feb. 2011){10292 R. 079098}; p. 63-79
Número de control del registro relacionado (ES-MaCES)25303
Itemnumber del ítem fuente 49359
902 ## - CES. TIPO DE DOCUMENTO
Tipodoc (006$c Sirtex) ART Artículo de revista
942 ## - ELEMENTOS KOHA
Fuente de clasificaión o esquema Clasificación propia del CES
Koha [por defecto] tipo de item Artículos (1982-2017)
Parte de clasificación 7.0.

No hay ítems disponibles.

© CES, Consejo Económico y Social de España 2021